Normal view
MARC view
- Hayes, Thomas C
Entry Personal Name
001 - CONTROL NUMBER
- control field: 103027
003 - CONTROL NUMBER IDENTIFIER
- control field: NUST
005 - DATE AND TIME OF LATEST TRANSACTION
- control field: 20221118105446.0
008 - FIXED-LENGTH DATA ELEMENTS
- fixed length control field: 221118|| aca||aabn | a|a d
040 ## - CATALOGING SOURCE
- Original cataloging agency: NUST
- Transcribing agency: NUST
100 ## - HEADING--PERSONAL NAME
- Personal name: Hayes, Thomas C
670 ## - SOURCE DATA FOUND
- Source citation: Work cat.: (NUST)181345: Hayes, Thomas C., Student manual for the art of electronics /, c1989
